000 00623nam a2200229Ia 4500
003 OSt
005 20220926024527.0
006 a|||||r|||| 00| 0
007 ta
008 220923b |||||||| |||| 00| 0 eng d
037 _cGeneral Book
040 _aRTL
_cRTL
_beng
041 _2eng
_aeng
082 _aU2, M0
100 _aKing Cuchlaine A M
245 0 _aPhysical geography
260 _aOxford
_bBlackwell
_c1980
300 _a332p. Bib chapterwise ,Appendixp. 265-311
_ccm.
650 _aPhysical Geography
942 _hU2, M0
_cGB
_2CC
999 _c644605
_d644605